000 01140nam a2200313 a 4500
001 1291
003 BR-CuiBMT
005 20231204192950.0
008 230927s2012 mgba 001 0 por d
020 _a9788577005468
040 _aBR-CuiBMT
_cBR-CuiBMT
080 _a351.72
_22007
090 _a351.72
_bB823l
_c4. ed.
110 1 _aBrasil
240 0 0 _a[Lei de responsabilidade fiscal (2000)]
245 1 0 _aLei de responsabilidade fiscal :
_bLei complementar n. 101, de 04 de maio de 2000 /
_corganização: Jorge Ulisses Jacoby Fernandes.
250 _a4. ed., rev., atual. e ampl.
260 _aBelo Horizonte :
_bFórum,
_c2012.
300 _a279 p. ;
_bil. :
_c13 cm
490 1 _aColeção Jacoby de direito público ;
_vv. 2
500 _aInclui índice.
650 _aLei de responsabilidade fiscal
_y(2000)
_zBrasil
650 _aAdministração pública
_xResponsabilidade tributária
_zBrasil
650 _aAdministração pública
_xControle
650 _aFinanças públicas
_vLegislação
700 1 _aFernandes, Jorge Ulisses Jacoby
_4org.
830 0 _aColeção Jacoby de direito público ;
_v2
942 _2udc
_cLV
999 _c1291
_d1291